ICT and language learning : a European perspective

Αποθηκεύτηκε σε:
Λεπτομέρειες βιβλιογραφικής εγγραφής
Άλλοι συγγραφείς: Chambers, Angela (Επιμελητής έκδοσης), Davies, Graham 1942- (Επιμελητής έκδοσης)
Μορφή: Βιβλίο
Γλώσσα:English
Δημοσίευση: Lisse; Abingdon : Swets & Zeitlinger Publishers, [2001]
Σειρά:Language learning and language technology ; ; 1
Θέματα:
Ετικέτες: Προσθήκη ετικέτας
Δεν υπάρχουν, Καταχωρήστε ετικέτα πρώτοι!

MARC

LEADER 00000nam a2200000 i 4500
001 1/64153
008 071122s2001 eng d
020 |a 9026518102 
022 |a 1568248X 
035 |l 10092494 
040 |a GR-MY-UA  |b gre  |e aacr 
041 0 |a eng 
082 0 |a 418.0071  |2 (22) 
245 1 0 |a ICT and language learning :  |b a European perspective /  |c edited by: Angela Chambers and Graham Davies 
260 |a Lisse; Abingdon :   |b Swets & Zeitlinger Publishers,   |c [2001] 
300 |a 185 σ.;  |c 24 εκ. 
490 1 |a Language learning and language technology  |v ; 1 
504 |a Περιλαμβάνει βιβλιογραφίες και ευρετήριο 
650 0 0 |a Language and languages. 
650 0 0 |a Language and languages  |x Study and teaching (Higher)  |x Technological innovations  |z Europe. 
700 1 |a Chambers, Angela.  |4 edt 
700 1 |a Davies, Graham  |d 1942-  |4 edt 
830 0 |a Language learning and language technology ;  |v ; 1 
852 |a INST  |b RHODES  |e 20071122  |h 418.0071 ICT  |p 005400025250  |q 005400025250  |t BK  |y 0 
901 |a BIBL4-2007-3 
909 |a Ρ  |b 140159 
922 |a 4ΕΛΗ  |b 200710  |c ΕΠΕΑΕΚ2/ΠΤΔΕ  |d ΕΛΕΥΘΕΡΟΥΔΑΚΗΣ 
970 |a ΧΑΡΙΟΠΟΛΙΤΟΥ  |b ΚΩΝΣΤΑΝΤΙΝΑ  |z 2007/11/22